[Event "NATO-ch 33rd"]
[Site "Portoroz"]
[Date "2023.09.07"]
[Round "5"]
[White "Woolf, Ben"]
[Black "Jauk, Wilhelm"]
[Result "0-1"]
[WhiteElo "1571"]
[BlackElo "2159"]
[PlyCount "132"]
[EventDate "2023.09.04"]
[EventType "swiss"]
[EventRounds "7"]
[EventCountry "SLO"]
[SourceTitle "EXT 2024"]
[Source "ChessBase"]
[SourceDate "2023.10.10"]
[SourceVersion "1"]
[SourceVersionDate "2023.10.10"]
[SourceQuality "1"]

1. e4 d5 2. exd5 Qxd5 3. Nf3 Nf6 4. d4 Bf5 5. c4 Qa5+ 6. Qd2 Qxd2+ 7. Bxd2 e6 8. Nc3 Nc6 9. Be2 0-0-0 10. Be3 Ne4 11. 0-0 Be7 12. a3 Nxc3 13. bxc3 a6 14. a4 h6 15. Nd2 Na5 16. Ra2 g5 17. Nf3 Bf6 18. Rd1 g4 19. Ne1 h5 20. Nc2 Rhg8 21. Na3 Be4 22. Bd3 Bxd3 23. Rxd3 Nc6 24. Rb2 b6 25. Rd1 Be7 26. Ra1 Na5 27. c5 bxc5 28. dxc5 Rd3 29. Rab1 Rgd8 30. Rb8+ Kd7 31. Rxd8+ Bxd8 32. Bd4 f6 33. Nc2 Nc6 34. Ne1 Rd2 35. Be3 Ra2 36. Rd1+ Ke8 37. Nd3 e5 38. f4 Rxa4 39. fxe5 fxe5 40. Rf1 Ra3 41. Bd2 Be7 42. Rf5 e4 43. Nb4 Nxb4 44. cxb4 e3 45. Be1 h4 46. Re5 Kf7 47. Kf1 Bf6 48. Re4 h3 49. Rxg4 hxg2+ 50. Rxg2 Ke6 51. h4 Kf5 52. h5 Bg5 53. Re2 Rd3 54. Kg2 Kg4 55. Kf1 Kxh5 56. Rh2+ Kg4 57. Ke2 Rb3 58. Rg2+ Kf5 59. Rg3 Bf4 60. Rf3 Ke4 61. Rh3 Rb2+ 62. Kf1 Kd3 63. Rf3 Be5 64. Rf8 Rb1 65. Rd8+ Bd4 66. Rd7 e2+ 0-1

[Event "NATO-ch 33rd"]
[Site "Portoroz"]
[Date "2023.09.06"]
[Round "4"]
[White "Violini, Paolo"]
[Black "Woolf, Ben"]
[Result "0-1"]
[WhiteElo "1941"]
[BlackElo "1571"]
[PlyCount "74"]
[EventDate "2023.09.04"]
[EventType "swiss"]
[EventRounds "7"]
[EventCountry "SLO"]
[SourceTitle "EXT 2024"]
[Source "ChessBase"]
[SourceDate "2023.10.10"]
[SourceVersion "1"]
[SourceVersionDate "2023.10.10"]
[SourceQuality "1"]

1. e4 c6 2. d4 d5 3. exd5 cxd5 4. c4 Nf6 5. Nc3 e6 6. Nf3 Bb4 7. cxd5 Nxd5 8. Qc2 h6 9. Bc4 Nc6 10. 0-0 Bxc3 11. bxc3 0-0 12. Re1 Nce7 13. Bd2 b6 14. Qe4 Rb8 15. Bd3 Nf6 16. Qh4 Bb7 17. Bxh6 Bxf3 18. gxf3 Nf5 19. Bxf5 exf5 20. Bg5 Qd6 21. Bf4 Qc6 22. Bxb8 Rxb8 23. Qf4 Rc8 24. Qxf5 g6 25. Qf4 Nh5 26. Qe4 Qf6 27. Qg4 Rxc3 28. Re3 Rc4 29. Rd1 Ra4 30. a3 Ra5 31. d5 Nf4 32. d6 Rd5 33. Rde1 Qxd6 34. Re4 Rg5 35. Qg3 Rxg3+ 36. fxg3 Ne6 37. Kg2 Qxa3 0-1

[Event "NATO-ch 33rd"]
[Site "Portoroz"]
[Date "2023.09.05"]
[Round "3"]
[White "Woolf, Ben"]
[Black "Farrell, John F"]
[Result "1-0"]
[WhiteElo "1571"]
[BlackElo "1849"]
[PlyCount "59"]
[EventDate "2023.09.04"]
[EventType "swiss"]
[EventRounds "7"]
[EventCountry "SLO"]
[SourceTitle "EXT 2024"]
[Source "ChessBase"]
[SourceDate "2023.10.10"]
[SourceVersion "1"]
[SourceVersionDate "2023.10.10"]
[SourceQuality "1"]

1. e4 d6 2. d4 Nf6 3. Nc3 g6 4. h3 Bg7 5. g4 c6 6. Bg2 Na6 7. Nge2 0-0 8. Be3 e5 9. Qd2 Qa5 10. 0-0 Re8 11. a3 Be6 12. b4 Qc7 13. d5 cxd5 14. exd5 Bd7 15. Rac1 Rac8 16. g5 Nh5 17. Ne4 Bf5 18. N2g3 Nxg3 19. fxg3 Bxe4 20. Bxe4 Qc3 21. Qd3 b6 22. Bd2 Qxd3 23. cxd3 Nb8 24. b5 Nd7 25. Rc6 Rxc6 26. bxc6 Nc5 27. Bb4 Bf8 28. Bxc5 bxc5 29. Rb1 Be7 30. c7 1-0

[Event "UK Armed Forces-ch"]
[Site "Wittering"]
[Date "2023.04.15"]
[Round "3"]
[White "Searle, Tristan"]
[Black "Woolf, Ben"]
[Result "0-1"]
[WhiteElo "1345"]
[BlackElo "1596"]
[PlyCount "92"]
[EventDate "2023.04.14"]
[EventType "swiss"]
[EventRounds "7"]
[EventCountry "ENG"]
[SourceTitle "EXT 2024"]
[Source "ChessBase"]
[SourceDate "2023.10.10"]
[SourceVersion "1"]
[SourceVersionDate "2023.10.10"]
[SourceQuality "1"]

1. e4 c6 2. d4 d5 3. Nc3 dxe4 4. Nxe4 Bf5 5. Ng3 Bg6 6. Nf3 Nf6 7. Bd3 e6 8. c3 Nbd7 9. 0-0 Bd6 10. Bg5 Qc7 11. Qc2 0-0-0 12. Rfc1 Rde8 13. c4 e5 14. c5 e4 15. cxd6 Qxd6 16. Nxe4 Nxe4 17. Be3 Ndf6 18. d5 Nxd5 19. Bxa7 Nxf2 20. Qxf2 Bxd3 21. Qd4 Be4 22. Ng5 Qg6 23. Nxe4 Rxe4 24. Qf2 Rhe8 25. Re1 Rxe1+ 26. Rxe1 Rxe1+ 27. Qxe1 Qe6 28. Qxe6+ fxe6 29. Bd4 g6 30. Kf2 Kd7 31. Kf3 Kd6 32. Ke4 b6 33. Bf2 Nf6+ 34. Kf3 b5 35. b4 Kd5 36. Ke2 Ne4 37. Be1 Kc4 38. Ke3 Nc3 39. Bxc3 Kxc3 40. a3 Kb3 41. Kd4 Kxa3 42. Ke5 Kxb4 43. Kxe6 c5 44. Kd5 c4 45. Kd4 Kb3 46. Ke3 c3 0-1

[Event "BCF-chT4 2223 (4NCL)"]
[Site "England"]
[Date "2023.02.04"]
[Round "5.111"]
[White "Finn, Thomas"]
[Black "Woolf, Ben"]
[Result "1-0"]
[WhiteElo "1778"]
[BlackElo "1596"]
[PlyCount "93"]
[EventDate "2022.11.05"]
[EventType "team-swiss"]
[EventRounds "11"]
[EventCountry "ENG"]
[SourceTitle "EXT 2024"]
[Source "ChessBase"]
[SourceDate "2023.10.10"]
[SourceVersion "1"]
[SourceVersionDate "2023.10.10"]
[SourceQuality "1"]
[WhiteTeam "Sussex Martlets III"]
[BlackTeam "War and Piece II"]
[WhiteTeamCountry "ENG"]
[BlackTeamCountry "ENG"]

1. e4 c6 2. Nc3 d5 3. Nf3 Bg4 4. h3 Bxf3 5. Qxf3 dxe4 6. Nxe4 Nf6 7. Nxf6+ exf6 8. Bc4 Nd7 9. 0-0 Ne5 10. Qe2 Be7 11. Bb3 0-0 12. d3 Ng6 13. Be3 Re8 14. d4 Qd7 15. Rad1 a5 16. a4 Rad8 17. d5 c5 18. c4 Bd6 19. Qd2 b6 20. Bc2 Ne5 21. Qe2 Ng6 22. b3 Re7 23. Bxg6 fxg6 24. Qf3 g5 25. Rfe1 Rde8 26. Bd2 Rxe1+ 27. Rxe1 Rxe1+ 28. Bxe1 Qe8 29. Qe3 Qd7 30. Qf3 Qe8 31. Qe3 Qd7 32. Qe4 Qf7 33. Bd2 h5 34. f3 g6 35. g4 hxg4 36. fxg4 f5 37. Qf3 f4 38. Qe4 Kh7 39. Bc3 f3 40. Kf2 Bg3+ 41. Kf1 Kh6 42. Qe3 Qf8 43. Be5 Qe7 44. Bf4 Qxe3 45. Bxe3 Kg7 46. Bxg5 Kf7 47. Bd8 1-0